000
00277nam a2200109Ia 4500
008
200302s9999 xx 000 0 und d
100
_a
Patrick Taylor (Edi)
245
_a
The Oxford Companion To The Garden
260
_b
Oxford University Press
260
_c
2006
300
_a
554 P
999
_c
4929
_d
4929